1722 1825 1831 1216 1464 1425 1222 1033 1920 1960 1638 1837 1836 1468 1753 1163 1266 1456 1031 1545 1781 1644 1424 1535 1012 1218 1916 1171 1181 1564 1833 1408 1716 1196 1537 1242 1713 1321 1562 1479 1351 1225 1752 1017 1037 1867 1310 1969 1139 1773 1907 1995 1900 1755 1173 1035 1932 1792 1658 1616 1392 1565 1758 1728 1698 1573 1514 1224 1884 1876 1213 1581 1172 1829 1182 1525 1928 1276 1623 1582 1504 1926 1723 1433 1128 1663 1219 1487 1616 1221 1760 1372 1836 1371 1653 1780 1108 1176 1854 BCNSPRNW ULIB Ver.6.0+V

เปลี่ยนเป็นภาษาไทย

Change to English
 แสดงรายละเอียดบรรณานุกรม
  กลับหน้าหลัก

Brief Record : Get Marc (ISO 2709) : E-mail record : QR code < ปิดหน้าต่าง
LEADER : 00000nam 2200000uu 4500
001    13399127873
003     ULIB
008    211019s2564||||th 000 0 tha d
020    ^a9789740321330
050  4 ^aHA32^bศ452ก
100 0  ^aศิริชัย พงษ์วิชัย
245 10 ^aการวิเคราะห์ข้อมูลทางสถิติด้วยคอมพิวเตอร์ /^cศิริชัย พงษ์วิชัย
250    ^aพิมพ์ครั้งที่ 27
260    ^aกรุงเทพฯ :^bสำนักพิมพ์แห่งจุฬาลงกรณ์มหาวิทยาลัย,^c2564
300    ^a479, [5] หน้า :^bภาพประกอบ ;^c26 ซม.
650  7 ^aเอสพีเอสเอสสำหรับวินโดวส์
650  7 ^aเอสพีเอสเอส (โปรแกรมคอมพิวเตอร์)
650  7 ^aสังคมศาสตร์^xการประมวลผลข้อมูล
650  7 ^aสถิติวิเคราะห์
650  7 ^aสถิติ^xโปรแกรมคอมพิวเตอร์
650  7 ^aสถิติ^xการประมวลผลข้อมูล
650  7 ^aการประมวลผลข้อมูลอิเล็กทรอนิกส์
945    ^p350^l0^i008476
945    ^p350^l0^i008477
945    ^p350^l0^i008478
945    ^p350^l0^i008479
945    ^p350^l0^i008565
999    ^aประนอม เกษจรัล
รายการนี้ยังไม่มีแท็ก
คุณยังไม่ได้ล็อกอิน คุณสามารถมีกิจกรรมร่วมกับเว็บไซต์ได้ แต่ต้องล็อกอินก่อน ::
  ล็อกอิน

รายการสื่อสารสนเทศ

ลำดับที่ ประเภท เลขเรียก/บาร์โค้ด สถานที่ สถานะ
1. การศึกษาทั่วไป
หนังสือสำรอง
สถานะ=หนังสือสำรอง
HA32 ศ452ก ฉ.1 
  Barcode: 008476
ห้องสมุดวิทยาเขตสวรรค์ประชารักษ์
►หนังสือทั่วไป
บนชั้น
2. การศึกษาทั่วไป
การศึกษาทั่วไป
HA32 ศ452ก ฉ.2 
  Barcode: 008477
ห้องสมุดวิทยาเขตสวรรค์ประชารักษ์
►หนังสือทั่วไป
ถูกยืม กำหนดส่งวันที่ 8 มีนาคม 2567
  จอง
3. การศึกษาทั่วไป
การศึกษาทั่วไป
HA32 ศ452ก ฉ.3 
  Barcode: 008478
ห้องสมุดวิทยาเขตสวรรค์ประชารักษ์
►หนังสือทั่วไป
บนชั้น
4. การศึกษาทั่วไป
การศึกษาทั่วไป
HA32 ศ452ก ฉ.4 
  Barcode: 008479
ห้องสมุดวิทยาเขตสวรรค์ประชารักษ์
►หนังสือทั่วไป
บนชั้น
5. การศึกษาทั่วไป
การศึกษาทั่วไป
HA32 ศ452ก ฉ.5 
  Barcode: 008565
ห้องสมุดวิทยาเขตสวรรค์ประชารักษ์
►หนังสือทั่วไป
ถูกยืม กำหนดส่งวันที่ 1 กันยายน 2567
  จอง

รายการใกล้เคียง
    ผู้แต่ง [ศิริชัย พงษ์วิชัย]

    หัวเรื่อง [เอสพีเอสเอสสำหรับวินโดวส์]
    หัวเรื่อง [เอสพีเอสเอส (โปรแกรมคอมพิวเตอร์)]
    หัวเรื่อง [สถิติวิเคราะห์]
    หัวเรื่อง [การประมวลผลข้อมูลอิเล็กทรอนิกส์]

BibComment


ยังไม่เคยถูกคอมเมนท์

คอมเมนท์ทรัพยากรรายการนี้
  คอมเมนท์: การวิเคราะห์ข้อม..


 Copyright 2026. Bcnsprnw @Library